Натурное моделирование генератора синусоидальных сигналов на макете NI Digital Electronics Board; Информационные технологии в науке, управлении, социальной сфере и медицине; Ч. 1
| Parent link: | Информационные технологии в науке, управлении, социальной сфере и медицине: сборник научных трудов IV Международной научной конференции, 5-8 декабря 2017 г., Томск/ Национальный исследовательский Томский политехнический университет (ТПУ).— , 2017 Ч. 1.— 2017.— [С. 82-86] |
|---|---|
| Egile nagusia: | |
| Erakunde egilea: | |
| Gaia: | Заглавие с титульного экрана The article touches on the actual problem of transmitting data of a given form and frequency to the air using programmable logic integrated circuits. Field Programmable Gate Array. The goal of the article is the implementation of a sinusoidal signal generator on a FPGA. The developed device will be used to transmit an analog program-controlled signal of a given shape and frequency to the air. The signal parameters will be controlled on the PC via the FPGA. |
| Hizkuntza: | errusiera |
| Argitaratua: |
2017
|
| Saila: | Моделирование в научных исследованиях |
| Gaiak: | |
| Sarrera elektronikoa: | http://earchive.tpu.ru/handle/11683/46195 |
| Formatua: | Baliabide elektronikoa Liburu kapitulua |
| KOHA link: | https://koha.lib.tpu.ru/cgi-bin/koha/opac-detail.pl?biblionumber=625997 |
MARC
| LEADER | 00000naa2a2200000 4500 | ||
|---|---|---|---|
| 001 | 625997 | ||
| 005 | 20231101133405.0 | ||
| 035 | |a (RuTPU)RU\TPU\conf\25293 | ||
| 035 | |a RU\TPU\conf\25292 | ||
| 090 | |a 625997 | ||
| 100 | |a 20180130d2017 k y0rusy50 ca | ||
| 101 | 0 | |a rus |d eng | |
| 102 | |a RU | ||
| 105 | |a y z 101zy | ||
| 135 | |a drcn ---uucaa | ||
| 181 | 0 | |a i | |
| 182 | 0 | |a b | |
| 200 | 1 | |a Натурное моделирование генератора синусоидальных сигналов на макете NI Digital Electronics Board |d Natural simulation of the generator of sinusoidal signals on NI Digital Electronics Board |f В. С. Старшинов | |
| 203 | |a Текст |c электронный | ||
| 225 | 1 | |a Моделирование в научных исследованиях | |
| 230 | |a 1 компьютерный файл (pdf; 396 Kb) | ||
| 300 | |a Заглавие с титульного экрана | ||
| 320 | |a [Библиогр.: с. 85-86 (7 назв.)] | ||
| 330 | |a The article touches on the actual problem of transmitting data of a given form and frequency to the air using programmable logic integrated circuits. Field Programmable Gate Array. The goal of the article is the implementation of a sinusoidal signal generator on a FPGA. The developed device will be used to transmit an analog program-controlled signal of a given shape and frequency to the air. The signal parameters will be controlled on the PC via the FPGA. | ||
| 461 | 1 | |0 (RuTPU)RU\TPU\conf\25267 |t Информационные технологии в науке, управлении, социальной сфере и медицине |o сборник научных трудов IV Международной научной конференции, 5-8 декабря 2017 г., Томск |o в 2 ч. |f Национальный исследовательский Томский политехнический университет (ТПУ) |d 2017 | |
| 463 | 1 | |0 (RuTPU)RU\TPU\conf\25268 |t Ч. 1 |f Национальный исследовательский Томский политехнический университет (ТПУ) ; ред. кол. О. Г. Берестнева ; А. А. Мицель ; Т. А. Гладкова |v [С. 82-86] |d 2017 | |
| 510 | 1 | |a Natural simulation of the generator of sinusoidal signals on NI Digital Electronics Board |z eng | |
| 610 | 1 | |a электронные ресурсы | |
| 610 | 1 | |a труды учёных ТПУ | |
| 610 | 1 | |a интерфейсы | |
| 610 | 1 | |a структурно-функциональные схемы | |
| 610 | 1 | |a генераторы | |
| 610 | 1 | |a схемы | |
| 610 | 1 | |a ПЛИС | |
| 700 | 1 | |a Старшинов |b В. С. | |
| 712 | 0 | 2 | |a Национальный исследовательский Томский политехнический университет (ТПУ) |c (2009- ) |2 stltpush |3 (RuTPU)RU\TPU\col\15902 |
| 801 | 2 | |a RU |b 63413507 |c 20180321 |g RCR | |
| 856 | 4 | |u http://earchive.tpu.ru/handle/11683/46195 | |
| 942 | |c BK | ||